<?xml version="1.0" encoding="UTF-8"?><?xml-stylesheet type="text/xsl" href="static/style.xsl"?><OAI-PMH xmlns="http://www.openarchives.org/OAI/2.0/" xmlns:xsi="http://www.w3.org/2001/XMLSchema-instance" xsi:schemaLocation="http://www.openarchives.org/OAI/2.0/ http://www.openarchives.org/OAI/2.0/OAI-PMH.xsd"><responseDate>2026-04-27T20:05:28Z</responseDate><request verb="GetRecord" identifier="oai:riubu.ubu.es:10259/11261" metadataPrefix="marc">https://riubu.ubu.es/oai/request</request><GetRecord><record><header><identifier>oai:riubu.ubu.es:10259/11261</identifier><datestamp>2026-01-23T01:05:29Z</datestamp><setSpec>com_10259_6394</setSpec><setSpec>com_10259_5086</setSpec><setSpec>com_10259_2604</setSpec><setSpec>col_10259_7090</setSpec></header><metadata><record xmlns="http://www.loc.gov/MARC21/slim" xmlns:doc="http://www.lyncode.com/xoai" xmlns:xsi="http://www.w3.org/2001/XMLSchema-instance" xmlns:dcterms="http://purl.org/dc/terms/" xsi:schemaLocation="http://www.loc.gov/MARC21/slim http://www.loc.gov/standards/marcxml/schema/MARC21slim.xsd">
<leader>00925njm 22002777a 4500</leader>
<datafield tag="042" ind1=" " ind2=" ">
<subfield code="a">dc</subfield>
</datafield>
<datafield tag="720" ind1=" " ind2=" ">
<subfield code="a">Baraja Rodríguez, Eugenio</subfield>
<subfield code="e">author</subfield>
</datafield>
<datafield tag="720" ind1=" " ind2=" ">
<subfield code="a">Martínez Arnáiz, Marta</subfield>
<subfield code="e">author</subfield>
</datafield>
<datafield tag="720" ind1=" " ind2=" ">
<subfield code="a">Alario-Trigueros, Milagros</subfield>
<subfield code="e">author</subfield>
</datafield>
<datafield tag="260" ind1=" " ind2=" ">
<subfield code="c">2024-02</subfield>
</datafield>
<datafield tag="520" ind1=" " ind2=" ">
<subfield code="a">In this chapter, we investigate the contribution made by LEADER grants to the development of successful projects aimed at the valorization of agri-food and forestry products. We focus in particular on the typological analysis of these LEADER funded projects and their contribution to the development of territorialized, multifunctional agrarian systems in Castilla y León in Spain. The regional context of analysis—the 44 local action groups that operate in Castilla y León—provides a framework for this case study of three success stories that we believe are representative of the efficacy of these investments in both social and territorial terms. Our aim is to emphasize the continued importance of the farming and forestry sectors in rural areas and the economic potential for the diversification of associated activities which contribute to rural development. To this end, we investigate the investments and actions organized and channelled through the local action groups (LAG) aimed at improving rural areas within the framework of the new discourse on sustainability, which the climate, health and geostrategic crises have prioritized in relation to the supply of primary sector products.</subfield>
</datafield>
<datafield tag="024" ind2=" " ind1="8">
<subfield code="a">978-3-031-48674-6</subfield>
</datafield>
<datafield tag="024" ind2=" " ind1="8">
<subfield code="a">978-3-031-48675-3</subfield>
</datafield>
<datafield tag="024" ind2=" " ind1="8">
<subfield code="a">https://hdl.handle.net/10259/11261</subfield>
</datafield>
<datafield tag="024" ind2=" " ind1="8">
<subfield code="a">10.1007/978-3-031-48675-3_11</subfield>
</datafield>
<datafield ind1=" " ind2=" " tag="653">
<subfield code="a">LEADER</subfield>
</datafield>
<datafield ind1=" " ind2=" " tag="653">
<subfield code="a">Castilla y León</subfield>
</datafield>
<datafield ind1=" " ind2=" " tag="653">
<subfield code="a">Multi-functionality</subfield>
</datafield>
<datafield ind1=" " ind2=" " tag="653">
<subfield code="a">Territory</subfield>
</datafield>
<datafield ind1=" " ind2=" " tag="653">
<subfield code="a">Innovation</subfield>
</datafield>
<datafield tag="245" ind1="0" ind2="0">
<subfield code="a">The Valorization of Agri-Food and Forestry Products as an Example of Innovation and Multifunctionality in the LEADER Approach in Castilla y León</subfield>
</datafield>
</record></metadata></record></GetRecord></OAI-PMH>